LIBRARY & INFORMATION CENTRE, KCAET, TAVANUR

ONLINE PUBLIC ACCESS CATALOGUE (OPAC)

Water crisis in India / (Record no. 13560)

MARC details
000 -LEADER
fixed length control field 00419cam a2200169ua 4500
041 ## - LANGUAGE CODE
Language code of text/sound track or separate title eng
082 ## - DEWEY DECIMAL CLASSIFICATION NUMBER
Classification number 553.7
Item number GUP/WA
100 ## - MAIN ENTRY--AUTHOR NAME
Personal name Gupta, K.R .
245 00 - TITLE STATEMENT
Title Water crisis in India /
260 ## - PUBLICATION, DISTRIBUTION, ETC. (IMPRINT)
Place of publication :
Name of publisher Atlantic publishers and distributers ,
Year of publication 2008.
300 ## - PHYSICAL DESCRIPTION
Number of Pages 416 ; .
942 ## - ADDED ENTRY ELEMENTS (KOHA)
Koha item type Books
Holdings
Withdrawn status Lost status Damaged status Home library Current library Date acquired Full call number Accession Number Koha item type
      KAUAET KAUAET 07/04/2012 553.7 22129 Books
free website counter